000 00439ntaaa2200181 4500
003 01
005 20251027201817.0
008 0714s1973 ag 01
040 _aAR-BaBN
_bspa
_cAR-BaBN
_eaacr
_dRIC
082 _a244.0000 Ac7
100 _aAcosta Alonso, José
_916562
245 _aApacienta mis ovejas
250 _a1 ed.
260 _aBuenos Aires :
_bAurora,
_cc1950
300 _a282 p
650 _anovela evangélica
942 _cBK
999 _c12795
_d12795